| 000 | 00889nam a22002417a 4500 | ||
|---|---|---|---|
| 999 |
_c18387 _d18387 |
||
| 003 | AR-CdUCM | ||
| 008 | 190513b ||||| |||| 00| 0 spa d | ||
| 040 |
_aMUNICIPALIDAD PROVINCIAL DEL CUSCO _cBIBLIOTECA MUNICIPAL DEL CUSCO |
||
| 041 | _heng | ||
| 082 |
_a923.2 / _bP36 |
||
| 100 |
_aPedersen, Wesley _938942 |
||
| 245 | _aEl legado de Kennedy / | ||
| 260 |
_aBuenos Aires : _bLibro de Ediciones Argentinas, _c1964. |
||
| 300 |
_a150 páginas ; _bfotografías, _c23 cm. |
||
| 440 |
_aLos Libros de Vea y Lea. _n3 _938943 |
||
| 505 | _aContenido: Estado de la Unión: el peligro y la oportunidad -- La paz necesidad urgente -- Desarme -- La revolución pacífica -- Interdependencia ... | ||
| 650 |
_aEstados Unidos _91805 |
||
| 650 |
_aHistoria _9136 |
||
| 650 |
_aRevolución _9679 |
||
| 700 |
_aRusk, Dean (prólogo) _938944 |
||
| 942 |
_2ddc _cLIBROS |
||
| 945 |
_aachl _d2019-05-13 |
||